1858 1772 1261 1291 1469 1464 1206 1470 1144 1652 1245 1332 1616 1804 1942 1168 1883 1765 1798 1751 1176 1728 1613 1786 1796 1108 1554 1909 1510 1695 1054 1250 1802 1079 1071 1866 1045 1629 1790 1415 1852 1627 1965 1575 1248 1926 1132 1238 1191 1534 1148 1509 1993 1852 1553 1367 1791 1811 1530 1229 1655 1079 1330 1721 1636 1784 1654 1979 1431 1429 1096 1389 1790 1642 1586 1097 1025 1027 1494 1878 1003 1916 1954 1304 1723 1369 1529 1706 1959 1639 1218 1785 1913 1599 1562 1537 1137 1223 1346 BCNSPRNW ULIB Ver.6.0+V

เปลี่ยนเป็นภาษาไทย

Change to English
 แสดงรายละเอียดบรรณานุกรม
  กลับหน้าหลัก

Brief Record : Get Marc (ISO 2709) : E-mail record : QR code < ปิดหน้าต่าง
LEADER : 00000nam 2200000uu 4500
001    13399120971
003     ULIB
008    121029s2550||||th 000 0 tha d
020    ^a9749507215
050 04 ^aWS105^bศ243จ 2550
100 0  ^aศรีเรือน แก้วกังวาล
245 10 ^aจิตวิทยาเด็กที่มีลักษณะพิเศษ /^cโดย ศรีเรือน แก้วกังวาล
250    ^aพิมพ์ครั้งที่ 5
260    ^aกรุงเทพฯ :^bหมอชาวบ้าน,^c2550
300    ^a[30], 406 หน้า :^bภาพประกอบ ;^c21 ซม.
650  7 ^aจิตวิทยาเด็ก
650  7 ^aเด็กพิเศษ^xแง่จิตวิทยา
650  7 ^aเด็กปัญญาอ่อน
650  7 ^aเด็กออทิสติก
650  7 ^aอารมณ์
945    ^p350^l0^i16179
995    ^aกัณชพร
999 ^a ใช้งานได้ทุกระบบ
รายการนี้ยังไม่มีแท็ก
คุณยังไม่ได้ล็อกอิน คุณสามารถมีกิจกรรมร่วมกับเว็บไซต์ได้ แต่ต้องล็อกอินก่อน ::
  ล็อกอิน

รายการสื่อสารสนเทศ

ลำดับที่ ประเภท เลขเรียก/บาร์โค้ด สถานที่ สถานะ
- ไม่พบข้อมูล -

รายการใกล้เคียง
    ผู้แต่ง [ศรีเรือน แก้วกังวาล]

    หัวเรื่อง [จิตวิทยาเด็ก]
    หัวเรื่อง [เด็กปัญญาอ่อน]
    หัวเรื่อง [เด็กออทิสติก]
    หัวเรื่อง [อารมณ์]

BibComment


ยังไม่เคยถูกคอมเมนท์

คอมเมนท์ทรัพยากรรายการนี้
  คอมเมนท์: จิตวิทยาเด็กที่ม..


 Copyright 2026. Bcnsprnw @Library